College Quizbowl Stats
College Quizbowl Stats
Circuits
Seasons
Sets
Records
Detailed Stats
About
Loading...
2024 Penn Bowl CWRU
Tossups
Bonuses
Players
Teams
Categories (Tossup)
Categories (Bonus)
Tony Boyle
Carnegie Mellon A
Categories
Category
Powers
Gets
Negs
BBs
Points
Earliest Buzz
Avg. Buzz
First Buzzes
Top 3 Buzzes
BPA
PVF
Pop Culture
0
1
0
0
10
120
120.00
0
1
0.00
0.00
Science - Biology
0
1
0
1
10
122
122.00
0
1
0.00
0.00
Social Science
0
1
0
0
10
120
120.00
1
1
0.00
0.00
Fine Arts - Other
0
1
1
1
5
121
121.00
1
1
0.00
0.00
Buzzes
Category
Answer
Value
Buzz Position
Fine Arts - Other
Alice Coltrane
-5
104
Social Science
creole languages
10
120
Pop Culture
blink-182
10
120
Science - Biology
eusociality
0
121
Fine Arts - Other
singing
10
121
Science - Biology
trilobites
10
122
Previous
1
Next